Introductory chemistry

Αποθηκεύτηκε σε:
Λεπτομέρειες βιβλιογραφικής εγγραφής
Κύριος συγγραφέας: Tro, Nivaldo J.
Μορφή: Βιβλίο
Γλώσσα:Undetermined
Έκδοση: Upper Saddle River, N.J. Prentice Hall 2003
Θέματα:
Ετικέτες: Προσθήκη ετικέτας
Δεν υπάρχουν, Καταχωρήστε ετικέτα πρώτοι!
Thư viện lưu trữ: Trung tâm Học liệu Trường Đại học Cần Thơ
LEADER 00536nam a2200205Ia 4500
001 CTU_130642
008 210402s9999 xx 000 0 und d
020 |c 3.66 
082 |a 540 
082 |b T843 
100 |a Tro, Nivaldo J. 
245 0 |a Introductory chemistry 
245 0 |c Nivaldo J. Tro. 
260 |a Upper Saddle River, N.J. 
260 |b Prentice Hall 
260 |c 2003 
650 |a Chemistry 
904 |i Minh 
910 |a Sách kèm đĩa MON.027236 
980 |a Trung tâm Học liệu Trường Đại học Cần Thơ